000 01072nac a22003850a 4500
001 PT29094
003 AR-LpoUNG
005 20210201005239.0
008 201001s2008||||ag |||||||||||||||||spa d
020 _a9789871288144
_c$18
040 _aAR-LpoUNG
_bspa
_eaacr
041 _aspa
044 _aag
082 0 _a982.04 962v1
100 1 _aBurmeister, Germán
245 1 0 _aViaje por los Estados del Plata
250 _a1§ edición
260 _aBuenos Aires :
_bAcademia Nacional de la Historia,
_c2008.
300 _a492 p. :
_bil., mapas
_a(2
_fVolúmenes)
_3Impreso
490 0 _aViaje por los Estados del Plata
520 _aDescribe el país en el período de la Confederación Argentina (1852-1861)
650 4 _aANALISIS HISTORICO
650 4 _aANTROPOLOGIA
650 4 _aARGENTINA
650 4 _aASPECTOS AMBIENTALES
650 4 _aASPECTOS GEOGRAFICOS
650 4 _aCLIMATOLOGIA
650 4 _aFAUNA
650 4 _aHISTORIA
650 4 _aINVESTIGACION
650 4 _aVIAJES
651 4 _aArgentina
905 _a29094
942 _cLIB
999 _c48838
_d48838